000 00651cab a2200205 4500
001 WB3236-23
008 090401t1996 xxu||||| |||| 00| 0 eng d
035 _a(Sirsi) u7954
041 _aeng
245 _aPublic sector feels PFI leasing pinch
260 _c1996
350 _a0
490 _aAccountancy Age
_v19 September 1996, 3,6(2)
520 _aGovernment has effectively banned public sector managers from pursuing finance lease deals under the Private Finance Initiative.
650 _aFINANCE LEASES
650 _aPRIVATE FINANCE INITIATIVE
690 _aPROPERTY-PROPERTY FINANCE AND INVESTMENT
942 _n0
948 _c04/03/1997
999 _c4842
_d4842